000
00324 a2200145 4500
001
169356
020
_a
040
_c
Magnum
100
_a
Ramos, Jania M.
240
1
0
_a
O espaco da oralidade na sala de aula
_l
por
245
1
0
_a
O espaco da oralidade na sala de aula
362
0
_a
1899
697
_a
GERAL
942
_c
BK
999
_c
169356
_d
169356